Rocket League Arenen - Statistiken

Allgemein
  • Dieses Quiz wurde 11 mal gespielt
    7 seit der letzten Aktualisierung
  • Das Durchschnittsergebnis liegt bei 7 aus 20
Antwortstatistiken
Veröffentlichung Antwort % Korrekt
2017 Championsfield
80%
2016 Aquadome
60%
2017 Farmstead
60%
2016 Neo Tokyo
60%
2015 Utopia Colosseum
60%
2015 Backwith Park
40%
2023 Estadio Vida
40%
2020 Forbidden Temple
40%
2025 Futura Garden
40%
2015 Mannfield
40%
2018 Salty Shores
40%
2026 Boostfield Mall
20%
2021 Deadeye Canyon
20%
2015 DFH Stadion
20%
2020 Neon Fields
20%
2022 Sovereign Heights
20%
2017 Starbase ARC
20%
2015 Urban Central
20%
2017 Wasteland
20%
2023 Drift Woods
0%
Keine übereinstimmenden Quizze gefunden
Verteilung der Resultate
Anzahl Personen mit jedem Resultat
Perzentil nach korrekt beantworteten Fragen
Ihre Resultats-Entwicklung
Sie haben dieses Quiz seit der letzten Aktualisierung nicht gespielt